Guess the College Basketball Player by picture - 2015 - Statistics

General Stats
  • This quiz has been taken 12 times
  • The average score is 8 of 16
Answer Stats
Picture Answer % Correct
Jamal Murray
100%
Dejounte Murray
82%
Kris Dunn
82%
Pascal Siakam
82%
Taurean Prince
82%
Denzel Valentine
73%
Malik Beasley
55%
Caris LeVert
45%
Brice Johnson
36%
Henry Ellenson
27%
Jakob Poeltl
27%
Wade Baldwin
27%
Damian Jones
18%
Deandre Bembry
18%
Malachi Richardson
18%
Marquese Criss
0%
No matching quizzes found
Score Distribution
Percent of People with Each Score
Percentile by Number Answered
Your Score History
You have not taken this quiz